Spevy /
Uložené v:
| Hlavný autor: | |
|---|---|
| Médium: | Kniha |
| Jazyk: | Slovak |
| Vydané: |
Bratislava :
Slovenské vydavateľstvo krásnej literatúry,
1962.
|
| Vydanie: | Vydanie v SVKL prvé |
| Edícia: | Hviezdoslavova knižnica
|
| Témy: | |
| Fyzický popis: |
193 strán ; 20 cm. |
| Tagy: |
Pridať tag
Žiadne tagy, Buďte prvý kto otaguje tento záznam!
|
Titul je dostupný aj v ... 

MARC
| LEADER | 00000nam a2200000 i 4500 | ||
|---|---|---|---|
| 001 | 000682913 | ||
| 005 | 20220811103102.0 | ||
| 008 | 220704s1962 xo g 000 p slo d | ||
| 020 | |q (viazané) | ||
| 040 | |a SVKKK |b slo |c SVKKK |e rda | ||
| 041 | 0 | |a slo | |
| 044 | |a xo |c SK | ||
| 072 | 7 | |a 821.162.4-1 |x Slovenská poézia |2 konspekt | |
| 080 | |a 821.162.4-1 |2 2011 | ||
| 080 | |a (0:82-1) |2 2011 | ||
| 100 | 1 | |a Botto, Ján, |d 1829-1881 |4 aut | |
| 245 | 1 | 0 | |a Spevy / |c Ján Botto. |
| 250 | |a Vydanie v SVKL prvé | ||
| 264 | 1 | |a Bratislava : |b Slovenské vydavateľstvo krásnej literatúry, |c 1962. | |
| 300 | |a 193 strán ; |c 20 cm. | ||
| 336 | |a text |b txt |2 rdacontent | ||
| 337 | |a bez média |b n |2 rdamedia | ||
| 338 | |a zväzok |b nc |2 rdacarrier | ||
| 366 | |e 62000 kusov | ||
| 490 | 1 | |a Hviezdoslavova knižnica |v zväzok 73 | |
| 504 | |a Obsahuje poznámky | ||
| 655 | 7 | |a slovenská poézia |2 SVKKKPH | |
| 655 | 7 | |a Slovak poetry |2 SVKKKPHeng | |
| 830 | 0 | |a Hviezdoslavova knižnica | |
| 910 | |a svkkk | ||
| 998 | |a BK | ||
| 090 | |g SCKHL |k Sklad Hlavná 10 prízemie |a III.252950 |j 1118145 |i 2720904431 |s Absenčne | ||